000 01222nab a2200313 u 4500
001 15890
003 HDC
007 cr bn ---aaaaa
008 210201b20140603my ||||| |||| 00| 0 may d
040 _aHDC
100 _aHayati Ibarahim,
_eauthor
_915897
245 0 _a2 produk bebas DNA babi : Isu status halal Cadbury /
_cHayati Ibrahim
260 _aKuala Lumpur :
_bThe New Straits Times Press (M) Bhd.,
_c2014
300 _a1 online resource
336 _atext
_2rdacontent
337 _acomputer
_2rdamedia
338 _aonline resource
_2rdacarrier
610 _aCadbury
_915898
650 _aChocolate product
_917452
650 _aFood
_xReligious aspects
_xIslam
_9239
650 _aHalal certificate
_9482
650 _aMuslims
_xDietary laws.
_9815
710 _aHarian Metro,
_eissung body
856 _zRequest full-text at [email protected]
856 _zRequest full-text at [email protected]
942 _2lcc
942 _cNEWS
942 _kNWSC 006426
999 _c13206
_d13206